00433nam a2200169Ia 4500003000400000005001700004008004100021020001400062040000700076041000800083082001300091100004000104245004200144260004800186300001500234365001400249OSt20230328094008.0210423s2006 xx 000 0 und d a521793629 cAL aeng a422 STOR aSTOCKWELL (Robert);MINKOVA (Donka). aEnglish words: history and structure. aNew DelhibCambridge University Pressc2006 axi,208bPB b1709cINR